00349nam a2200133Ia 4500008004100000041000800041082001400049100001800063245004500081250001400126260003200140300003200172365001100204240624s9999 xx 000 0 und d aeng a658.5 SAN aSANSBURY JOHN aOPERATIONAL SUPPORT AND ANALYSIS A GUIDE a(2nd ed.) c2015aNew DelhibViva Books axxiv, : 139 : p. : cm. ; 23 cRSb33